The wind blew (Record no. 13936)

MARC details
000 -BAŞLIK
Sabit Uzunluktaki Kontrol Alanı 00514nam a22002057a 4500
003 - KONTROL NUMARASI KİMLİĞİ
Kontrol Alanı koha_MIRAKIL
005 - EN SON İŞLEM TARİHİ ve ZAMANI
Kontrol Alanı 20231213100049.0
008 - SABİT UZUNLUKTAKİ VERİ ÖGELERİ - GENEL BİLGİ
Sabit Alan 231213b |||||||| |||| 00| 0 ||| d
020 ## - ISBN - ULUSLARARASI STANDART KİTAP NUMARASI
-- 0-329-13057-9
040 ## - KATALOGLAMA KAYNAĞI
Özgün Kataloglama Kurumu TR-IsEVY
Kataloglama Dili tur
Çeviri Kurumu TR-IsEVY
082 ## - DEWEY ONU SINIFLAMA SİSTEMİ
Sınıflama Numarası 420 HUT/T
100 ## - KİŞİ ADI
Yazar Adı (Kişi adı) Hutchins, Pat, 1942-
245 #4 - ESER ADI BİLDİRİMİ
Başlık The wind blew
250 ## - BASIM BİLDİRİMİ
Basım Bildirimi 1st Aladdin Paperbacks ed.
260 ## - YAYIN, DAĞITIM, VB.
Yayınevi Aladdin Paperbacks,
Yayın Tarihi 1993
300 ## - FİZİKSEL TANIMLAMA
Sayfa, Cilt vb. [32] p.
650 ## - KONU BAŞLIĞI EK GİRİŞ - KONU TERİMİ
Konusal terim veya coğrafi ad Stories in rhyme.
650 ## - KONU BAŞLIĞI EK GİRİŞ - KONU TERİMİ
Konusal terim veya coğrafi ad Winds
942 ## - EK GİRİŞ ÖGELERİ (KOHA)
Source of classification or shelving scheme Dewey Decimal Classification
Koha item type Kitap
Holdings
Kayıp Durumu Sınıflandırma Kaynağı Hasarlı Durumu Kalıcı Konum Mevcut Konum Kayıt Tarih Edinim Kaynağı Yer Numarası Demirbaş Numarası Son Görülme Tarihi Fatura Tarihi Materyal Türü
  Dewey Decimal Classification   İLKOKUL KÜTÜPHANESİ İLKOKUL KÜTÜPHANESİ 15/02/2016 Satınalma 420 HUT/T 14525 13/12/2023 05/02/2018 Kitap